书目信息 |
| 题名: |
全球化时代的公民教育
|
|
| 作者: | 岭井明子 主编 ;姜英敏 编译 | |
| 分册: | ||
| 出版信息: | 广州 广东教育出版社 2012 |
|
| 页数: | 259页 | |
| 开本: | 24cm | |
| 丛书名: | ||
| 单 册: | ||
| 中图分类: | B822.1 | |
| 科图分类: | ||
| 主题词: | 公民教育--教育模式--研究--世界 | |
| 电子资源: | ||
| ISBN: | 978-7-5406-8260-6 | |
| 000 | 01131nam0 2200253 450 | |
| 001 | 1531880375 | |
| 005 | 20150201085143.90 | |
| 010 | @a978-7-5406-8260-6@dCNY39.80 | |
| 100 | @a20120113d2012 em y0chiy50 ea | |
| 101 | 1 | @achi@cjpn |
| 102 | @aCN@b440000 | |
| 105 | @ay z 000yy | |
| 200 | 1 | @a全球化时代的公民教育@9quan qiu hua shi dai de gong min jiao yu@e世界各国及国际组织的公民教育模式@f(日)岭井明子主编@g姜英敏编译 |
| 210 | @a广州@c广东教育出版社@d2012 | |
| 215 | @a259页@d24cm | |
| 305 | @a日本东信堂株式会社授权出版 | |
| 330 | @a本书对世界19个国家和地区的公民教育进行了相关考察。全书分为:今天,世界为何关注公民教育;世界各国的公民教育以及超越国家的公民教育动向3篇。具体包括:亚洲国家的公民教育;北美、太平洋地区国家的公民教育;原苏联国家的公民教育等内容。 | |
| 517 | 1 | @a世界各国及国际组织的公民教育模式@9shi jie ge guo ji guo ji zu zhi de gong min jiao yu muo shi |
| 606 | 0 | @a公民教育@x教育模式@x研究@y世界 |
| 690 | @aB822.1@v5 | |
| 701 | 0 | @c(日)@a岭井明子@9ling jing ming zi@c(女,Minei Akiko)@4主编 |
| 702 | 0 | @a姜英敏@9jiang ying min@4编译 |
| 801 | 0 | @aCN@bTSSF@c20150201 |
| 905 | @aZUCC@dB822.1@eJY1 | |
| 全球化时代的公民教育:世界各国及国际组织的公民教育模式/(日)岭井明子主编/姜英敏编译.-广州:广东教育出版社,2012 |
| 259页;24cm |
| ISBN 978-7-5406-8260-6:CNY39.80 |
| 本书对世界19个国家和地区的公民教育进行了相关考察。全书分为:今天,世界为何关注公民教育;世界各国的公民教育以及超越国家的公民教育动向3篇。具体包括:亚洲国家的公民教育;北美、太平洋地区国家的公民教育;原苏联国家的公民教育等内容。 |
| ● |
| 相关链接 |
|
|
|
|
正题名:全球化时代的公民教育
索取号:B822.1/JY1
 
预约/预借
| 序号 | 登录号 | 条形码 | 馆藏地/架位号 | 状态 | 备注 |
| 1 | 7846597 | 278465974 | 学院路分馆/ [索取号:B822.1/JY1] | 在馆 | |
| 2 | 7846598 | 278465983 | 学院路分馆/ [索取号:B822.1/JY1] | 在馆 |